|
|
|
|
| LEADER |
00000nam0a2200000 4500 |
| 001 |
18960 |
| 005 |
20231101205236.0 |
| 010 |
|
|
|a 5728100449
|
| 035 |
|
|
|a (RuTPU)RU\TPU\book\19115
|
| 035 |
|
|
|a BOOK00019184
|
| 090 |
|
|
|a 18960
|
| 100 |
|
|
|a 20011209d1994 m y0rusy50 ca
|
| 101 |
0 |
|
|a rus
|
| 102 |
|
|
|a RU
|
| 105 |
|
|
|a y j 000zy
|
| 200 |
1 |
|
|a История и архивы
|f Т. И. Хорхордина
|
| 210 |
|
|
|a Москва
|c РГГУ
|d 1994
|
| 215 |
|
|
|a 360 с.
|
| 225 |
1 |
|
|a Программа: Обновление гуманитарного образования в России
|
| 320 |
|
|
|a Библиогр. в примеч. в конце гл.
|
| 330 |
|
|
|a Целостная, научно-полновесная история отечественного архивного дела новейшего времени излагается в драматическом взаимодействии с судьбами живых людей, с реальной действительностью. Процессы возникновения, формирования и кризиса тоталитаристской модели нашей архивной системы анализируются как неотъемлемая часть истории нашего Отечества.
|
| 606 |
1 |
|
|a Архивоведение
|2 stltpush
|3 (RuTPU)RU\TPU\subj\29459
|9 52778
|
| 610 |
1 |
|
|a история
|
| 610 |
1 |
|
|a архивное дело
|
| 610 |
1 |
|
|a архивы
|
| 610 |
1 |
|
|a учебные пособия
|
| 686 |
|
|
|a Ч81я73
|v LBC/SL-A
|2 rubbk
|
| 700 |
|
1 |
|a Хорхордина
|b Т. И.
|g Татьяна Иннокентьевна
|
| 801 |
|
0 |
|a RU
|b 63413507
|c 20011209
|g PSBO
|
| 801 |
|
2 |
|a RU
|b 63413507
|c 20230203
|g PSBO
|
| 942 |
|
|
|c BK
|